| 000 | 01327nam0a22003611 4500 | ||
|---|---|---|---|
| 001 | RU\NLR\A1SV\33310 | ||
| 005 | 20260225112254.1 | ||
| 035 | _a(NLR Aleph) 009716724 | ||
| 090 |
_a9858051 _c9858051 |
||
| 100 | _a20000530d1923 u y0rusy50 ca | ||
| 101 | 1 |
_arus _cnor |
|
| 102 | _aRU | ||
| 200 | 1 |
_aВиктория _eИстория одной любви _fКнут Гамсун _gПер. с норв. Я.Сегалл |
|
| 210 |
_aМ. _aПг. _cГос. изд-во _d1923 |
||
| 215 |
_a139 с. _d14 см |
||
| 225 |
_aВсеобщ. б-ка _v№ 48 |
||
| 300 | _aСер. указана на обл. | ||
| 451 | 0 | _1001RU\NLR\A1SV\33310 | |
| 620 | _dМосква | ||
| 620 | _dСанкт-Петербург | ||
| 700 | 1 |
_aГамсун _bК. _f1859-1952 _gКнут _4070 |
|
| 702 | 1 |
_6z01790 _aСегал _bЯ. Л. _gЯков Лейбович _4070 |
|
| 790 | 1 |
_6z01702 _aСегалл _bЯ. |
|
| 801 | 0 |
_aRU _bNLR _c20000530 |
|
| 830 | _aПолное имя пер. установлено по канд. дис.: Ляпина А.А. Датская литература 1890-1910 гг. в русской критике серебряного века (М., 2014) | ||
| 852 |
_aNLR _j17.137.2.1-48 |
||
| 899 | _aРГБ | ||
| 899 | _aРКП | ||
| 942 | _cBOOK | ||
| 980 | _aNB | ||
| 980 | _aA1SV | ||
| 980 | _aA1SV | ||